[Event "BRA-ch U26 (Women)"]
[Site "Joinville"]
[Date "2023.10.09"]
[Round "1"]
[White "Marques, Cecilia De Azevedo"]
[Black "De Duarte, Melissa Dandara"]
[Result "1/2-1/2"]
[WhiteElo "1473"]
[BlackElo "1800"]
[PlyCount "159"]
[EventDate "2023.10.09"]
[EventType "swiss"]
[EventRounds "6"]
[EventCountry "BRA"]
[SourceTitle "Mega2024 Update 01"]
[Source "Chessbase"]
[SourceDate "2023.11.12"]
[SourceVersion "1"]
[SourceVersionDate "2023.11.12"]
[SourceQuality "1"]

1. e4 e6 2. d4 d5 3. exd5 exd5 4. Nf3 Nc6 5. Bd3 Bd6 6. 0-0 Nge7 7. Bg5 0-0 8. Nc3 Bg4 9. Be2 Qd7 10. Re1 Be6 11. Qd2 Rfe8 12. Nb5 Bb4 13. c3 Ba5 14. Rad1 a6 15. Na3 b5 16. b4 Bb6 17. Nc2 a5 18. Bxb5 axb4 19. Bxe7 Rxe7 20. Nxb4 Qd6 21. Nxc6 Ree8 22. Nce5 Rf8 23. Nd3 c6 24. Bxc6 Qxc6 25. Nf4 Bg4 26. Ne5 Qc8 27. Nxd5 Bd8 28. Nxg4 Qxg4 29. Qe2 Qxe2 30. Rxe2 Ba5 31. c4 Kh8 32. g3 Rac8 33. c5 Rfd8 34. Ne3 Bc3 35. Nf5 g6 36. Rc1 Bxd4 37. Nxd4 Rxd4 38. c6 Rd6 39. c7 Rd7 40. Rec2 Kg7 41. a4 Rd5 42. Rc5 Rd6 43. a5 Ra6 44. Rd1 Ra7 45. Rd7 Kf6 46. Rc6+ Kg7 47. a6 Raa8 48. Rb6 Ra7 49. Rb7 Rxa6 50. Rd8 Raa8 51. Rb8 Ra1+ 52. Kg2 Rxc7 53. Rg8+ Kf6 54. Rb6+ Ke7 55. Rg7 h5 56. Rg8 Rac1 57. Ra8 R1c6 58. Rb3 Kf6 59. Kf3 Kg5 60. Ra5+ Kh6 61. h4 Rf6+ 62. Kg2 Rc2 63. Rf3 Rxf3 64. Kxf3 Rc4 65. Re5 Kg7 66. Re4 Rxe4 67. Kxe4 Kf6 68. Kf4 Kg7 69. f3 f6 70. g4 Kh6 71. g5+ Kg7 72. gxf6+ Kxf6 73. Kg3 Kf5 74. Kf2 Kf4 75. Kg2 Kf5 76. Kg3 g5 77. hxg5 Kxg5 78. f4+ Kf5 79. Kh4 Kxf4 80. Kxh5 1/2-1/2